000 02193cam a2200397 i 4500
999 _c64726
_d64726
001 15037526
003 CO-MdFUSB
005 20181121090641.0
008 071009s2008 kyu g b 001 0 eng
010 _a 2007041807
020 _a9780664226862 (alk. paper)
020 _a0664226868 (alk. paper)
040 _aDLC
_cCO-MdFUSB
_dCO-MdFUSB
_bspa
_erda
041 _aeng
082 0 0 _224
_aG 270
_bM959s
100 1 _aMullin, Robert Bruce.
_eautor
245 0 2 _aA short world history of Christianity
_c/ Robert Bruce Mullin.
250 _a1st ed.
264 1 _aLouisville, Kentucky :
_bWestminster John Knox Press,
_c℗2008
264 4 _c©2008
300 _axiii, 312 páginas ;
_c23 cm.
336 _2rdacontent
_atexto
_btxt
337 _2rdamedia
_asin mediación
_bn
338 _2rdacarrier
_avolumen
_bnc
501 _aIncluye índice (páginas 289- 312)
504 _aBibliografía (páginas 285- 287)
505 0 _aFormando una tradición cristiana -- "¿Quién es este hombre?" -- Salir al mundo -- Defender y definir -- Vivir en un mundo hostil -- Abrazar el mundo -- La revolución de Constantino -- Definir y dividir -- De uno a muchos -- El centro cambiante -- El surgimiento de Europa cristiana -- Finales y comienzos -- La división de la cristiandad occidental -- Límites en conflicto -- La batalla por el alma de Europa -- La reinternacionalización del cristianismo -- La razón y la fe -- Colocar el cristianismo en un mundo nuevo -- La cristiandad desafiante -- Creando un mundo nuevo (estilo del siglo XIX) -- La gran división -- El "gran siglo" -- Luchando con la modernidad -- El fin de la inocencia -- La búsqueda moderna de la unidad -- Enfrentando la posmodernidad -- A Nuevo mundo cristiano.
650 0 _aHistoria de la Iglesia
_9153
906 _a7
_bcbc
_corignew
_d1
_eecip
_f20
_gy-gencatlg
942 _cBK